000 00329 a2200157 4500
001 186868
020 _a
040 _cMagnum
100 _aMartins, Rosemar Almeida
240 1 0 _aUm numero diferente
_lpor
245 1 0 _aUm numero diferente
300 _a16
362 0 _a1997
697 _aLITERATURA INFANTO
942 _cBK
999 _c186868
_d186868